[Event "Potiguar-ch Interiorano"]
[Site "Santa Cruz"]
[Date "2018.06.30"]
[Round "2.3"]
[White "Gomes, Jose Murilo"]
[Black "De Lima, Enzo Magalhaes"]
[Result "1-0"]
[WhiteElo "2033"]
[BlackElo "1513"]
[PlyCount "45"]
[EventDate "2018.06.29"]
[EventType "swiss"]
[EventRounds "5"]
[EventCountry "BRA"]
[SourceTitle "EXT 2022"]
[Source "ChessBase"]
[SourceDate "2021.10.06"]
[SourceVersion "1"]
[SourceVersionDate "2021.10.06"]
[SourceQuality "1"]

1. e4 c6 2. Nc3 d5 3. Nf3 Bg4 4. h3 Bh5 5. exd5 cxd5 6. g4 Bg6 7. Bb5+ Nc6 8. Ne5 Rc8 9. h4 f6 10. Nxg6 hxg6 11. d4 e6 12. Qd3 Kf7 13. h5 gxh5 14. gxh5 Nge7 15. Bf4 Qa5 16. Bxc6 Rxc6 17. Qg3 Qb4 18. 0-0-0 Rb6 19. b3 Nf5 20. Qg6+ Ke7 21. Nxd5+ exd5 22. Rhe1+ Kd8 23. Qe8# 1-0

[Event "BRA-ch Universities"]
[Site "Vitoria"]
[Date "2018.06.08"]
[Round "4"]
[White "Barros, Benone Gabriel Carv"]
[Black "Gomes, Jose Murilo"]
[Result "0-1"]
[WhiteElo "1804"]
[BlackElo "2033"]
[PlyCount "105"]
[EventDate "2018.06.06"]
[EventType "swiss"]
[EventRounds "7"]
[EventCountry "BRA"]
[SourceTitle "EXT 2019"]
[Source "ChessBase"]
[SourceDate "2018.10.10"]
[SourceVersion "1"]
[SourceVersionDate "2018.10.10"]
[SourceQuality "1"]

1. Nf3 Nf6 2. b3 g6 3. Bb2 Bg7 4. g3 0-0 5. Bg2 c5 6. c4 Nc6 7. 0-0 d6 8. Nc3 Bg4 9. h3 Bd7 10. e3 Qc7 11. Kh2 Nh5 12. d4 cxd4 13. Nxd4 f5 14. Nd5 Qd8 15. Nxc6 bxc6 16. Bxg7 Nxg7 17. Nb4 Qb6 18. Nd3 Qc7 19. Qd2 Rf6 20. Rfd1 Raf8 21. Rac1 Bc8 22. Rc3 Ne6 23. c5 d5 24. f4 Nd8 25. b4 Ba6 26. Ne5 Bb5 27. Ra1 Nf7 28. Nf3 e5 29. a4 Bc4 30. Bf1 Bxf1 31. Rxf1 exf4 32. exf4 Re6 33. Re1 Rfe8 34. Rce3 Re4 35. Rxe4 fxe4 36. Nd4 a6 37. Kg1 Nd8 38. f5 Qe5 39. fxg6 hxg6 40. Qh6 Qg7 41. Qxg7+ Kxg7 42. b5 axb5 43. axb5 cxb5 44. Rb1 Ne6 45. Nxe6+ Rxe6 46. Rxb5 d4 47. Rb6 Re5 48. c6 d3 49. c7 Rc5 50. Re6 Rc2 51. Kf1 Rxc7 52. Rxe4 Rc1+ 53. Kf2 0-1

[Event "BRA-ch Universities"]
[Site "Vitoria"]
[Date "2018.06.08"]
[Round "5"]
[White "Gomes, Jose Murilo"]
[Black "Silva, Gustavo Queiroz Dos"]
[Result "0-1"]
[WhiteElo "2033"]
[BlackElo "2019"]
[PlyCount "90"]
[EventDate "2018.06.06"]
[EventType "swiss"]
[EventRounds "7"]
[EventCountry "BRA"]
[SourceTitle "EXT 2019"]
[Source "ChessBase"]
[SourceDate "2018.10.10"]
[SourceVersion "1"]
[SourceVersionDate "2018.10.10"]
[SourceQuality "1"]

1. e4 e5 2. Nf3 Nc6 3. d4 exd4 4. Nxd4 Bc5 5. Nb3 Bb6 6. a4 Qf6 7. Qe2 a5 8. Nc3 Nge7 9. Nd5 Nxd5 10. exd5+ Ne7 11. h4 h6 12. g4 d6 13. g5 hxg5 14. Bxg5 Qe5 15. Qxe5 dxe5 16. Bb5+ Bd7 17. Bxd7+ Kxd7 18. c4 f6 19. Bd2 Bd4 20. Nxd4 exd4 21. 0-0-0 Rh5 22. Bf4 Nf5 23. Bg3 c5 24. Rhe1 Ra6 25. Kc2 Nxg3 26. fxg3 Re5 27. Rxe5 fxe5 28. Rf1 Rg6 29. Rf5 Rxg3 30. Rxe5 Rg2+ 31. Kc1 d3 32. Rg5 Rc2+ 33. Kd1 Rxc4 34. Rxg7+ Kd6 35. h5 Rxa4 36. Rg3 Rh4 37. Rg5 c4 38. Kd2 b5 39. Rf5 b4 40. Rf6+ Kxd5 41. Rf5+ Kd4 42. Rxa5 c3+ 43. bxc3+ bxc3+ 44. Ke1 Rh1+ 45. Kf2 c2 0-1

[Event "BRA-ch U26"]
[Site "Goiania"]
[Date "2017.10.20"]
[Round "3"]
[White "Japiassu, Ricardo de Villa No"]
[Black "Gomes, Jose Murilo"]
[Result "1/2-1/2"]
[WhiteElo "1981"]
[BlackElo "2036"]
[PlyCount "98"]
[EventDate "2017.10.19"]
[EventType "swiss"]
[EventRounds "7"]
[EventCountry "BRA"]
[SourceTitle "CBM 181 Extra"]
[Source "ChessBase"]
[SourceDate "2017.12.12"]
[SourceVersion "1"]
[SourceVersionDate "2017.12.12"]
[SourceQuality "1"]

1. c4 e5 2. g3 Nf6 3. Bg2 Nc6 4. d3 Bb4+ 5. Bd2 Bxd2+ 6. Qxd2 0-0 7. Nc3 d6 8. Nf3 Bg4 9. 0-0 Qd7 10. Rfc1 Ne7 11. Rab1 Bh3 12. Bh1 h6 13. b4 Ng6 14. b5 Ng4 15. Ne1 Rab8 16. Nc2 f5 17. Ne3 f4 18. Nxg4 Bxg4 19. Ne4 fxg3 20. hxg3 Ne7 21. Re1 Be6 22. Qa5 Kh8 23. a4 b6 24. Qd2 Nf5 25. e3 Ne7 26. Rec1 Bg4 27. Ra1 Bf3 28. Bg2 Qg4 29. Bxf3 Rxf3 30. Kg2 Rbf8 31. Rh1 Nf5 32. a5 Kg8 33. axb6 axb6 34. Ra7 h5 35. Qe2 Nxg3 36. fxg3 g5 37. Rxc7 h4 38. Rh3 Qf5 39. Ra7 Rf1 40. Rh2 Rf3 41. Rh1 Qg4 42. Rh3 Qf5 43. Ra1 Qg6 44. Re1 Kg7 45. Ra1 Qf5 46. Rhh1 Qg4 47. Rh3 Qf5 48. Ra7+ Kg8 49. Ra2 Qg4 1/2-1/2

[Event "Recife Arraes Memorial 10th"]
[Site "Recife"]
[Date "2017.10.07"]
[Round "4"]
[White "Gomes, Jose Murilo"]
[Black "Ferreira, Ivanilson Silva"]
[Result "1-0"]
[WhiteElo "2036"]
[BlackElo "1845"]
[PlyCount "117"]
[EventDate "2017.10.06"]
[EventType "swiss"]
[EventRounds "6"]
[EventCountry "BRA"]
[SourceTitle "CBM 181 Extra"]
[Source "ChessBase"]
[SourceDate "2017.12.12"]
[SourceVersion "1"]
[SourceVersionDate "2017.12.12"]
[SourceQuality "1"]

1. e4 e5 2. Nf3 Nc6 3. d4 exd4 4. Nxd4 Be7 5. Nxc6 dxc6 6. Qxd8+ Bxd8 7. Bc4 b5 8. Bd3 Bf6 9. c3 a5 10. Bf4 Bd8 11. 0-0 Nf6 12. Na3 0-0 13. Nc2 Re8 14. Rfe1 Nh5 15. Be3 Be7 16. Rad1 Bd6 17. Nd4 Bd7 18. g3 g6 19. f4 Rab8 20. e5 Bf8 21. Nb3 Bg4 22. Be2 Bxe2 23. Rxe2 a4 24. Nc5 Ng7 25. Ne4 Red8 26. Red2 Ne6 27. Nf6+ Kg7 28. Rxd8 Rxd8 29. Rxd8 Nxd8 30. Ne8+ Kg8 31. Nxc7 Nb7 32. Na6 Be7 33. Nb8 Nd8 34. Kf2 Kg7 35. Kf3 f5 36. Bb6 c5 37. Bxd8 Bxd8 38. Nd7 Be7 39. Nb6 Kf7 40. c4 a3 41. b3 b4 42. Nd5 Bd8 43. g4 h5 44. h3 Ke6 45. Ne3 Be7 46. Nf1 hxg4+ 47. hxg4 g5 48. gxf5+ Kxf5 49. Ne3+ Ke6 50. Ke4 gxf4 51. Nd5 f3 52. Kxf3 Kxe5 53. Nxe7 Kd4 54. Nd5 Kd3 55. Nxb4+ Kc3 56. Ke2 Kxb4 57. Kd2 Ka5 58. Kc3 Kb6 59. b4 1-0

[Event "Natal Potiguar-ch sf"]
[Site "Natal"]
[Date "2017.09.09"]
[Round "3"]
[White "Gomes, Jose Murilo"]
[Black "Pinheiro, Emanuel Eliez Jr"]
[Result "1-0"]
[WhiteElo "2012"]
[BlackElo "1887"]
[PlyCount "111"]
[EventDate "2017.09.08"]
[EventType "swiss"]
[EventRounds "6"]
[EventCountry "BRA"]
[SourceTitle "CBM 180 Extra"]
[Source "ChessBase"]
[SourceDate "2017.10.06"]
[SourceVersion "1"]
[SourceVersionDate "2017.10.06"]
[SourceQuality "1"]

1. e4 c5 2. Nf3 d6 3. d4 cxd4 4. Qxd4 a6 5. c4 Nc6 6. Qd2 Bg4 7. Be2 Nf6 8. Nc3 g6 9. b3 Bg7 10. Bb2 0-0 11. 0-0 Rc8 12. h3 Bd7 13. Rfe1 Re8 14. Bf1 Qa5 15. Rad1 Qh5 16. Qg5 Ne5 17. Qxh5 Nxh5 18. Nxe5 Bxe5 19. Ba1 Nf6 20. g3 Bc6 21. Bd3 e6 22. Bc2 g5 23. Kg2 Kf8 24. f3 Ke7 25. Ne2 Bxa1 26. Rxa1 e5 27. g4 h5 28. Ng3 Bd7 29. Bd3 h4 30. Nf1 Nh7 31. Ne3 Be6 32. Nd5+ Bxd5 33. exd5 Nf8 34. Bf5 Rc7 35. Rad1 Nd7 36. Bxd7 Kxd7 37. Kf2 f6 38. Ke3 Rec8 39. Kd3 b5 40. Rc1 b4 41. a3 Rb8 42. Ra1 Rcb7 43. Reb1 a5 44. axb4 axb4 45. Ke4 Ke7 46. Kf5 Rc8 47. Ra6 Rcc7 48. Rba1 Rc8 49. R1a4 Rcc7 50. Ra8 Kf7 51. Rh8 Kg7 52. Rd8 Rb6 53. Raa8 Rbb7 54. Rxd6 Ra7 55. Rxa7 Rxa7 56. Rb6 1-0

[Event "Natal Potiguar-ch sf"]
[Site "Natal"]
[Date "2017.09.08"]
[Round "2"]
[White "Da Silva Miguel, Lucas Ramonn"]
[Black "Gomes, Jose Murilo"]
[Result "0-1"]
[WhiteElo "1723"]
[BlackElo "2012"]
[PlyCount "56"]
[EventDate "2017.09.08"]
[EventType "swiss"]
[EventRounds "6"]
[EventCountry "BRA"]
[SourceTitle "CBM 180 Extra"]
[Source "ChessBase"]
[SourceDate "2017.10.06"]
[SourceVersion "1"]
[SourceVersionDate "2017.10.06"]
[SourceQuality "1"]

1. e4 c5 2. Nf3 Nc6 3. g3 g6 4. d3 d6 5. Bg2 Bg7 6. c3 Nf6 7. Nbd2 0-0 8. 0-0 Bd7 9. h3 Qc7 10. a4 Rac8 11. Nh4 Ne5 12. Nc4 Nxc4 13. dxc4 Bc6 14. Qc2 b6 15. Bg5 Qb7 16. Rfe1 Rfe8 17. e5 dxe5 18. Rxe5 h6 19. Bxc6 Qxc6 20. Bd2 Rcd8 21. Rae1 Qd7 22. Bxh6 Bxh6 23. Nxg6 Qxh3 24. Nxe7+ Rxe7 25. Rxe7 Ng4 26. Qf5 Qh2+ 27. Kf1 Qh1+ 28. Ke2 Rd2# 0-1

[Event "Natal Potiguar-ch sf"]
[Site "Natal"]
[Date "2017.09.08"]
[Round "1"]
[White "Gomes, Jose Murilo"]
[Black "Ananias, Thales Rodrigo Lima"]
[Result "1-0"]
[WhiteElo "2012"]
[BlackElo "1463"]
[PlyCount "47"]
[EventDate "2017.09.08"]
[EventType "swiss"]
[EventRounds "6"]
[EventCountry "BRA"]
[SourceTitle "CBM 180 Extra"]
[Source "ChessBase"]
[SourceDate "2017.10.06"]
[SourceVersion "1"]
[SourceVersionDate "2017.10.06"]
[SourceQuality "1"]

1. e4 c5 2. Nf3 d6 3. d4 cxd4 4. Qxd4 Nc6 5. Bb5 Bd7 6. Bxc6 bxc6 7. c4 c5 8. Qd3 Nf6 9. 0-0 Bc6 10. Nc3 g6 11. Bg5 Bg7 12. Rad1 0-0 13. Rfe1 Rb8 14. b3 Qc7 15. Nd5 Bxd5 16. exd5 Rfe8 17. h3 Qd7 18. Qd2 e6 19. dxe6 Rxe6 20. Rxe6 Qxe6 21. Qxd6 Re8 22. Bxf6 Bxf6 23. Qxc5 Qe2 24. Re1 1-0

[Event "Santa Cruz Regional Norte zt"]
[Site "Santa Cruz"]
[Date "2017.05.06"]
[Round "3"]
[White "Gomes, Jose Murilo"]
[Black "Lemos, Doriedson"]
[Result "1/2-1/2"]
[WhiteElo "2009"]
[BlackElo "2162"]
[PlyCount "140"]
[EventDate "2017.05.05"]
[EventType "swiss"]
[EventRounds "6"]
[EventCountry "BRA"]
[SourceTitle "EXT 2018"]
[Source "ChessBase"]
[SourceDate "2017.10.13"]
[SourceVersion "1"]
[SourceVersionDate "2017.10.13"]
[SourceQuality "1"]

1. d4 Nf6 2. Nf3 c5 3. c3 b6 4. Bf4 Bb7 5. e3 g6 6. Nbd2 Bg7 7. Bd3 0-0 8. 0-0 d6 9. Re1 Nc6 10. Nc4 b5 11. Ncd2 e5 12. Bg5 Qb6 13. a4 b4 14. a5 Qc7 15. a6 Bc8 16. dxc5 dxc5 17. Qa4 Bd7 18. Bb5 Rab8 19. Bxf6 Bxf6 20. cxb4 Qb6 21. Ne4 Be7 22. Nxe5 Nxe5 23. Bxd7 Qxb4 24. Nc3 Qxa4 25. Bxa4 Rxb2 26. Nd5 Bh4 27. Rf1 Rfb8 28. Nc7 Bd8 29. Nb5 R2xb5 30. Bxb5 Rxb5 31. Rfb1 Rb6 32. Kf1 Kf8 33. Rxb6 Bxb6 34. Ke2 Ke7 35. f4 Nc6 36. Kd3 Kd6 37. Kc4 Nb4 38. Kb5 Kc7 39. Rd1 Nc2 40. e4 Nd4+ 41. Kc4 Kc6 42. Rb1 Nc2 43. Rb3 Nb4 44. g4 Nxa6 45. Rh3 Kd7 46. Rxh7 Ke7 47. Rh8 Nb4 48. g5 Nc2 49. Rb8 Ne3+ 50. Kd3 Nf1 51. Rh8 Ba5 52. Ra8 Bb6 53. Rh8 Bc7 54. e5 Ke6 55. Ke2 Nxh2 56. Rxh2 Kf5 57. Rh7 Ke6 58. Rh8 Bb6 59. Rf8 Bc7 60. Rc8 Kd7 61. Ra8 Bb6 62. Kd3 c4+ 63. Kxc4 Be3 64. Kd5 Bxf4 65. Rxa7+ Ke8 66. Ra8+ Ke7 67. Ra7+ Kf8 68. Ra8+ Ke7 69. Ra7+ Kf8 70. Ra8+ Ke7 1/2-1/2

[Event "Santa Cruz Regional Norte zt"]
[Site "Santa Cruz"]
[Date "2017.05.05"]
[Round "1"]
[White "Gomes, Jose Murilo"]
[Black "De Miranda Neto, Joao Basilio"]
[Result "1-0"]
[WhiteElo "2009"]
[BlackElo "1503"]
[PlyCount "73"]
[EventDate "2017.05.05"]
[EventType "swiss"]
[EventRounds "6"]
[EventCountry "BRA"]
[SourceTitle "EXT 2018"]
[Source "ChessBase"]
[SourceDate "2017.10.13"]
[SourceVersion "1"]
[SourceVersionDate "2017.10.13"]
[SourceQuality "1"]

1. d4 Nf6 2. Bf4 g6 3. e3 Bg7 4. Nf3 0-0 5. Be2 d5 6. h3 a6 7. Nbd2 Nc6 8. 0-0 Re8 9. Bh2 Bf5 10. c4 Qd7 11. Qb3 b6 12. cxd5 Na5 13. Qa3 Be4 14. Nxe4 Nxe4 15. Bd3 Nd6 16. b4 Nb5 17. Bxb5 axb5 18. bxa5 Rxa5 19. Qb3 b4 20. Rfc1 Rc8 21. Ne5 Qxd5 22. Qxd5 Rxd5 23. Nc6 Rd7 24. Nxb4 c5 25. Nc2 Rcd8 26. Rab1 cxd4 27. Nxd4 Bxd4 28. exd4 Rxd4 29. Bc7 Ra8 30. Bxb6 Rda4 31. a3 Rxa3 32. Bc5 Ra2 33. Bxe7 Re8 34. Bf6 Ra6 35. Bd4 Rae6 36. Rb7 f5 37. Rcc7 1-0

[Event "Natal University Circuito Potiguar I"]
[Site "Natal"]
[Date "2017.04.09"]
[Round "5.2"]
[White "Gomes, Jose Murilo"]
[Black "Pinheiro Junior, Emanuel Eliezer"]
[Result "1-0"]
[WhiteElo "1993"]
[BlackElo "1892"]
[PlyCount "97"]
[EventDate "2017.04.07"]
[EventType "swiss"]
[EventRounds "5"]
[EventCountry "BRA"]
[SourceTitle "EXT 2022"]
[Source "ChessBase"]
[SourceDate "2021.10.06"]
[SourceVersion "1"]
[SourceVersionDate "2021.10.06"]
[SourceQuality "1"]

1. e4 c5 2. Nf3 e6 3. d4 cxd4 4. Nxd4 a6 5. Nc3 b5 6. Bd3 Bb7 7. 0-0 Nf6 8. e5 Nd5 9. Nxd5 Bxd5 10. Qe2 Bc5 11. c3 Nc6 12. Nxc6 Bxc6 13. Qg4 Kf8 14. Qg3 h5 15. Be3 Be7 16. f4 Bh4 17. Bc5+ Kg8 18. Qh3 g6 19. Qe3 Be7 20. Rad1 Rc8 21. Bxe7 Qxe7 22. Be4 Kg7 23. Rd6 Rhd8 24. Rfd1 Kf8 25. Bxc6 Rxc6 26. Qd3 Ke8 27. g3 Rxd6 28. Qxd6 Qxd6 29. Rxd6 Ra8 30. Kf2 Kd8 31. Ke3 Kc7 32. Kd4 Ra7 33. Kc5 Ra8 34. a3 Ra7 35. b3 Ra8 36. Kb4 a5+ 37. Kxb5 Rb8+ 38. Ka4 Ra8 39. c4 Ra7 40. c5 Ra8 41. Rb6 Ra7 42. Kb5 Ra8 43. h4 f6 44. exf6 Rf8 45. Kxa5 Rxf6 46. Kb5 Rf5 47. a4 Rd5 48. Rd6 Kb7 49. Rxd7+ 1-0

[Event "Natal University Circuito Potiguar I"]
[Site "Natal"]
[Date "2017.04.08"]
[Round "3.2"]
[White "Gomes, Jose Murilo"]
[Black "Frankental, David"]
[Result "1-0"]
[WhiteElo "1993"]
[BlackElo "1865"]
[PlyCount "100"]
[EventDate "2017.04.07"]
[EventType "swiss"]
[EventRounds "5"]
[EventCountry "BRA"]
[SourceTitle "EXT 2022"]
[Source "ChessBase"]
[SourceDate "2021.10.06"]
[SourceVersion "1"]
[SourceVersionDate "2021.10.06"]
[SourceQuality "1"]

1. e4 e5 2. Nf3 Nc6 3. d4 exd4 4. Nxd4 Qh4 5. Nc3 Bb4 6. Be2 Qxe4 7. Ndb5 Kd8 8. 0-0 Bxc3 9. Nxc3 Qd4 10. Bd3 Nf6 11. Nb5 Qg4 12. f3 Qb4 13. Re1 Re8 14. Rxe8+ Nxe8 15. Qe2 a6 16. Nc3 Nf6 17. a3 Qe7 18. Qf2 d6 19. Bg5 Qe5 20. f4 Qd4 21. Bxh7 Qxf2+ 22. Kxf2 Ne7 23. Bxf6 gxf6 24. Be4 c6 25. Re1 Be6 26. h4 Kd7 27. Bd3 f5 28. Be2 Rh8 29. g3 Ng8 30. Nd1 Nf6 31. Bf3 d5 32. Ne3 Kc7 33. Rd1 Rd8 34. c3 c5 35. Bg2 d4 36. cxd4 cxd4 37. Nc2 Ng4+ 38. Ke1 Bb3 39. Rc1 Kb8 40. Kd2 a5 41. Bh3 Nh6 42. Kd3 Rc8 43. Kd2 Rd8 44. Re1 d3 45. Ne3 Be6 46. Rc1 Rg8 47. Nf1 b5 48. Rc5 Bd7 49. Kxd3 b4 50. axb4 axb4 1-0

[Event "Joao Pessoa Fischer Memorial 8th"]
[Site "Joao Pessoa"]
[Date "2017.03.19"]
[Round "6"]
[White "Gomes, Jose Murilo"]
[Black "Gomes de Moura, Pedro Vinicius"]
[Result "0-1"]
[WhiteElo "1996"]
[BlackElo "1806"]
[PlyCount "84"]
[EventDate "2017.03.17"]
[EventType "swiss"]
[EventRounds "6"]
[EventCountry "BRA"]
[SourceTitle "EXT 2018"]
[Source "ChessBase"]
[SourceDate "2017.10.13"]
[SourceVersion "1"]
[SourceVersionDate "2017.10.13"]
[SourceQuality "1"]

1. e4 e6 2. d3 c5 3. Nf3 d6 4. g3 g6 5. Bg2 Bg7 6. 0-0 Nc6 7. c3 Nge7 8. Nbd2 0-0 9. Re1 h6 10. Nf1 Kh7 11. h4 f5 12. Qe2 e5 13. h5 f4 14. hxg6+ Nxg6 15. b3 Qf6 16. N1h2 Bd7 17. g4 Nh4 18. Nxh4 Qxh4 19. f3 b5 20. a3 a5 21. Qf2 Qe7 22. Bb2 Bf6 23. Qc2 Rac8 24. c4 Rb8 25. Rab1 Rg8 26. Kf1 Bh4 27. Re2 Bg3 28. Kg1 h5 29. gxh5 Qh4 30. Nf1 Bh3 31. Nxg3 Rxg3 32. cxb5 Rbg8 33. bxc6 Rxg2+ 34. Rxg2 Rxg2+ 35. Qxg2 Bxg2 36. Kxg2 Qg3+ 37. Kh1 Qxf3+ 38. Kg1 Qg3+ 39. Kf1 Qxd3+ 40. Kf2 Qxb1 41. c7 Qxb2+ 42. Kf1 f3 0-1

[Event "Joao Pessoa Fischer Memorial 8th"]
[Site "Joao Pessoa"]
[Date "2017.03.17"]
[Round "1"]
[White "Gomes, Jose Murilo"]
[Black "Born, Ary"]
[Result "1-0"]
[WhiteElo "1996"]
[BlackElo "1425"]
[PlyCount "39"]
[EventDate "2017.03.17"]
[EventType "swiss"]
[EventRounds "6"]
[EventCountry "BRA"]
[SourceTitle "CBM 177 Extra"]
[Source "ChessBase"]
[SourceDate "2017.04.27"]
[SourceVersion "1"]
[SourceVersionDate "2017.04.27"]
[SourceQuality "1"]

1. e4 e6 2. d3 c5 3. g3 d6 4. Bg2 Nd7 5. Nf3 h6 6. 0-0 Rb8 7. Nbd2 b5 8. Re1 Ne7 9. Nf1 Ng6 10. h4 Qc7 11. N1h2 e5 12. h5 Ne7 13. Nh4 Nc6 14. c3 Nb6 15. Qf3 Be6 16. Nf5 Qd8 17. Bd2 Rb7 18. Ng4 Ne7 19. Nfxh6 gxh6 20. Nf6# 1-0

[Event "Natal Potiguar-ch"]
[Site "Natal"]
[Date "2017.01.15"]
[Round "8"]
[White "Gomes, Jose Murilo"]
[Black "De Lima Jr, Francisco Biagioni"]
[Result "0-1"]
[WhiteElo "1990"]
[BlackElo "1688"]
[PlyCount "50"]
[EventDate "2017.01.10"]
[EventType "tourn"]
[EventRounds "11"]
[EventCountry "BRA"]
[SourceTitle "CBM 176 Extra"]
[Source "ChessBase"]
[SourceDate "2017.03.02"]
[SourceVersion "1"]
[SourceVersionDate "2017.03.02"]
[SourceQuality "1"]

1. e4 c5 2. Nf3 e6 3. d4 cxd4 4. Nxd4 a6 5. c4 Nf6 6. Bd3 Bb4+ 7. Nc3 Nc6 8. Be3 Ne5 9. 0-0 0-0 10. Bf4 d6 11. Nf3 Nxd3 12. Qxd3 e5 13. Bg5 Bxc3 14. bxc3 Qc7 15. Rfd1 Ne8 16. Nh4 Be6 17. Qg3 f6 18. Be3 Qxc4 19. f4 Qxe4 20. Re1 Qc2 21. Rec1 Qe4 22. Nf3 Qxe3+ 23. Kh1 Qxf4 24. Qe1 Bd5 25. Qe2 Bc6 0-1

[Event "Natal Potiguar-ch"]
[Site "Natal"]
[Date "2017.01.14"]
[Round "6"]
[White "Gomes, Jose Murilo"]
[Black "Jordao Barbosa, Marcio Ferre"]
[Result "1-0"]
[WhiteElo "1990"]
[BlackElo "2068"]
[PlyCount "133"]
[EventDate "2017.01.10"]
[EventType "tourn"]
[EventRounds "11"]
[EventCountry "BRA"]
[SourceTitle "CBM 176 Extra"]
[Source "ChessBase"]
[SourceDate "2017.03.02"]
[SourceVersion "1"]
[SourceVersionDate "2017.03.02"]
[SourceQuality "1"]

1. c4 f5 2. g3 Nf6 3. Bg2 e6 4. Nc3 Nc6 5. Nh3 Be7 6. 0-0 0-0 7. d4 Qe8 8. Nb5 Bd8 9. d5 Ne5 10. dxe6 dxe6 11. Bf4 Nxc4 12. Nxc7 Bxc7 13. Bxc7 Qe7 14. Bf4 e5 15. Bc1 h6 16. b3 Nb6 17. a4 Rd8 18. Qc2 Be6 19. Ba3 Qf7 20. a5 Nbd5 21. Qb2 e4 22. e3 Rac8 23. Rfc1 Ng4 24. Rxc8 Rxc8 25. Rc1 Qd7 26. Qd4 b6 27. axb6 Rxc1+ 28. Bxc1 axb6 29. Bb2 Ngf6 30. Bf1 Kf7 31. Bc4 b5 32. Be2 Qc6 33. b4 Kg8 34. Nf4 Nxf4 35. gxf4 Bc4 36. Bxc4+ bxc4 37. Bc3 Qd5 38. Qxd5+ Nxd5 39. b5 Nb6 40. Bd4 Nc8 41. b6 Nd6 42. Be5 Nb7 43. Kf1 g5 44. fxg5 hxg5 45. Bf6 g4 46. Ke1 Kf7 47. Bd4 Ke6 48. Kd2 Kd5 49. Kc3 Na5 50. Bf6 Kc5 51. Be7+ Kd5 52. Bf8 Kc6 53. Bb4 Nb3 54. Kxc4 Nc1 55. b7 Kxb7 56. Kd5 Nd3 57. Bd6 Nxf2 58. Ke6 Kc6 59. Bf4 Kc5 60. Kxf5 Kd5 61. Bg3 Nd1 62. Kf4 Nc3 63. Kxg4 Kc4 64. h4 Kd3 65. Bf4 Nd5 66. Kf5 Ne7+ 67. Kg5 1-0

[Event "Natal Potiguar-ch"]
[Site "Natal"]
[Date "2017.01.14"]
[Round "5"]
[White "Rocha, Vitor Firmo de Souz"]
[Black "Gomes, Jose Murilo"]
[Result "1-0"]
[WhiteElo "2141"]
[BlackElo "1990"]
[PlyCount "51"]
[EventDate "2017.01.10"]
[EventType "tourn"]
[EventRounds "11"]
[EventCountry "BRA"]
[SourceTitle "CBM 176 Extra"]
[Source "ChessBase"]
[SourceDate "2017.03.02"]
[SourceVersion "1"]
[SourceVersionDate "2017.03.02"]
[SourceQuality "1"]

1. e4 e5 2. Nf3 Nc6 3. Bb5 Nf6 4. 0-0 Nxe4 5. d4 Nd6 6. Bxc6 dxc6 7. dxe5 Nf5 8. Qxd8+ Kxd8 9. h3 h6 10. Rd1+ Ke8 11. Nc3 Be7 12. b3 Be6 13. Bb2 Rd8 14. Ne2 c5 15. Nf4 g5 16. Nxe6 fxe6 17. g4 Ng7 18. Kg2 Rxd1 19. Rxd1 Rf8 20. Bc1 c4 21. bxc4 Rh8 22. Be3 b6 23. Nd4 a5 24. a4 Rh7 25. Nc6 Rh8 26. c5 1-0

[Event "BRA-ch sf Reg2 83rd"]
[Site "Natal"]
[Date "2016.11.15"]
[Round "7"]
[White "Gomes, Jose Murilo"]
[Black "Nunes, Marcelo Basilio"]
[Result "0-1"]
[WhiteElo "2002"]
[BlackElo "2065"]
[PlyCount "36"]
[EventDate "2016.11.12"]
[EventType "swiss"]
[EventRounds "7"]
[EventCountry "BRA"]
[SourceTitle "EXT 2018"]
[Source "ChessBase"]
[SourceDate "2017.10.13"]
[SourceVersion "1"]
[SourceVersionDate "2017.10.13"]
[SourceQuality "1"]

1. e4 c5 2. Nf3 e6 3. d4 cxd4 4. Nxd4 a6 5. Nc3 Qc7 6. g3 Bb4 7. Bd2 Nf6 8. Bg2 h5 9. h4 Bc5 10. Nb3 Ba7 11. Nc1 Ng4 12. Nd3 Nc6 13. Ne2 Nce5 14. Nef4 Nxd3+ 15. Nxd3 0-0 16. 0-0 Qxg3 17. Bf4 Qxh4 18. Bg3 Qxg3 0-1

[Event "BRA-ch sf Reg2 83rd"]
[Site "Natal"]
[Date "2016.11.14"]
[Round "6"]
[White "Souza, Rafael Cabral de"]
[Black "Gomes, Jose Murilo"]
[Result "1-0"]
[WhiteElo "2163"]
[BlackElo "2002"]
[PlyCount "75"]
[EventDate "2016.11.12"]
[EventType "swiss"]
[EventRounds "7"]
[EventCountry "BRA"]
[SourceTitle "EXT 2018"]
[Source "ChessBase"]
[SourceDate "2017.10.13"]
[SourceVersion "1"]
[SourceVersionDate "2017.10.13"]
[SourceQuality "1"]

1. c4 c5 2. Nc3 Nc6 3. g3 g6 4. Bg2 Bg7 5. d3 Nf6 6. e4 d6 7. Nge2 0-0 8. 0-0 Ne8 9. Be3 Nc7 10. Qd2 Re8 11. Bh6 Bh8 12. f4 e6 13. Rfe1 Rb8 14. h3 Nd4 15. Kh2 b5 16. b3 b4 17. Nd1 Bb7 18. g4 Nxe2 19. Rxe2 d5 20. cxd5 exd5 21. e5 Nb5 22. Bg5 Qb6 23. Ne3 Nc3 24. Ree1 f6 25. exf6 Bxf6 26. Bxf6 Qxf6 27. g5 Qd6 28. Ng4 Rf8 29. Nf6+ Rxf6 30. gxf6 Qxf6 31. Re5 Rf8 32. d4 cxd4 33. Qxd4 a5 34. a3 Ne2 35. Bxd5+ Kh8 36. Qd1 Ba6 37. Re8 Kg7 38. Rxf8 1-0

[Event "BRA-ch sf Reg2 83rd"]
[Site "Natal"]
[Date "2016.11.13"]
[Round "3"]
[White "Gomes, Jose Murilo"]
[Black "Moraes, Nelson da Silva"]
[Result "0-1"]
[WhiteElo "2002"]
[BlackElo "2238"]
[PlyCount "58"]
[EventDate "2016.11.12"]
[EventType "swiss"]
[EventRounds "7"]
[EventCountry "BRA"]
[SourceTitle "EXT 2018"]
[Source "ChessBase"]
[SourceDate "2017.10.13"]
[SourceVersion "1"]
[SourceVersionDate "2017.10.13"]
[SourceQuality "1"]

1. c4 e5 2. g3 Nf6 3. Bg2 Bc5 4. Nc3 0-0 5. e3 Re8 6. Nge2 c6 7. 0-0 d6 8. a3 Bb6 9. d3 d5 10. b3 h6 11. Bb2 Bg4 12. h3 Bh5 13. Qc2 d4 14. Ne4 Nxe4 15. Bxe4 dxe3 16. c5 exf2+ 17. Rxf2 Bxe2 18. cxb6 Bh5 19. Qc4 Nd7 20. bxa7 Nf6 21. Bf5 Nd5 22. Re1 f6 23. Qh4 Bf7 24. Re4 Ne7 25. Rg4 Nxf5 26. Rxf5 Qxd3 27. Qxh6 Qd1+ 28. Kg2 Qxg4 29. hxg4 gxh6 0-1

[Event "BRA-ch U26"]
[Site "Cuiaba"]
[Date "2016.11.06"]
[Round "7"]
[White "Barros, Benone Gabriel Carv"]
[Black "Gomes, Jose Murilo"]
[Result "1-0"]
[WhiteElo "1702"]
[BlackElo "2002"]
[PlyCount "45"]
[EventDate "2016.11.03"]
[EventType "swiss"]
[EventRounds "7"]
[EventCountry "BRA"]
[SourceTitle "CBM 175 Extra"]
[Source "ChessBase"]
[SourceDate "2016.12.12"]
[SourceVersion "1"]
[SourceVersionDate "2016.12.12"]
[SourceQuality "1"]

1. e4 c5 2. Nf3 Nc6 3. d4 cxd4 4. Nxd4 Nf6 5. Nc3 d6 6. Be3 Ng4 7. Bg5 Qb6 8. Be3 Nxe3 9. fxe3 e5 10. Nd5 Qa5+ 11. b4 Nxb4 12. Nb3 Nxc2+ 13. Kf2 Nxe3 14. Kxe3 Qd8 15. Rc1 Rb8 16. Nc7+ Ke7 17. Nd5+ Ke8 18. Bb5+ Bd7 19. Bxd7+ Qxd7 20. Rc7 Qd8 21. Rf1 f6 22. Nxf6+ gxf6 23. Qh5# 1-0